Slovenské zemědělství v úzkých

Problémy slovenského poľnohospodárstva. Situácia so základnými poľnohospodárskymi plodinami. Neustály pokles produkcie (obilniny, stav a úžitkovosť hospodárskych zvierat vo veľkochovoch). Vývoj cien a pokles dopytu po poľnohospodárskych produktoch. Príčiny problémov slovenského poľnohospodárstva. Ne...

Descripción completa

Guardado en:
Detalles Bibliográficos
Autor principal: Zábojníková, M.
Formato: Capítulo de libro
Lenguaje:checo
Materias:
Etiquetas: Agregar Etiqueta
Sin Etiquetas, Sea el primero en etiquetar este registro!

MARC

LEADER 00000naa a2200000 4500
001 r024396
005 20221213082045.5
041 0 |a cze 
044 |a CZ 
245 1 0 |a Slovenské zemědělství v úzkých  |c M. Zábojníková 
520 |a Problémy slovenského poľnohospodárstva. Situácia so základnými poľnohospodárskymi plodinami. Neustály pokles produkcie (obilniny, stav a úžitkovosť hospodárskych zvierat vo veľkochovoch). Vývoj cien a pokles dopytu po poľnohospodárskych produktoch. Príčiny problémov slovenského poľnohospodárstva. Nezáujem o vytváranie rodinných fariem. Vznik Štátneho podporného fondu poľnohospodárstva a potravinárstva. Úlohy fondu. 
610 2 0 |a poľnohospodárstvo 
610 2 0 |a výroba poľnohospodárska 
610 2 0 |a farmy rodinné 
610 2 0 |a podnikanie 
610 2 0 |a podpory 
610 2 0 |a Slovensko 
100 1 |a Zábojníková, M.